All Terraria Torches - Statistics

General Stats
  • This quiz has been taken 26 times
  • The average score is 19 of 24
Answer Stats
Answer % Correct
Blue Torch
100%
Corrupt Torch
100%
Green Torch
100%
Jungle Torch
100%
Purple Torch
100%
Red Torch
100%
Torch
100%
Yellow Torch
100%
Crimson Torch
95%
Ice Torch
95%
Orange Torch
95%
Desert Torch
90%
White Torch
90%
Hallowed Torch
81%
Bone Torch
71%
Pink Torch
67%
Ultrabright Torch
67%
Demon Torch
57%
Rainbow Torch
52%
Coral Torch
48%
Mushroom Torch
48%
Cursed Torch
43%
Ichor Torch
38%
Aether Torch
14%
No matching quizzes found
Score Distribution
Percent of People with Each Score
Percentile by Number Answered
Your Score History
You have not taken this quiz